Loading...
എന്റെ രക്ഷകൻ = Ente rakshakan
| Main Author: | |
|---|---|
| Format: | Printed Book |
| Published: |
Kottayam:
D C Books,
2017.
|
| Edition: | 1 |
| Subjects: |
| LEADER | 00529nam a22001577a 4500 | ||
|---|---|---|---|
| 999 | |c 279181 |d 279181 | ||
| 020 | |a 9789352821488 | ||
| 082 | |a 894.812 301 MAD-E | ||
| 100 | |a V. Madhusoodhanan Nair | ||
| 245 | |a എന്റെ രക്ഷകൻ = Ente rakshakan | ||
| 250 | |a 1 | ||
| 260 | |a Kottayam: |b D C Books, |c 2017. | ||
| 300 | |a 160p., 21cm. | ||
| 650 | |a Malayalam drama | ||
| 942 | |c BK | ||
| 952 | |0 0 |1 0 |4 0 |6 894_812000000000000_301_MADE |7 0 |9 297740 |a DCB |b DCB |d 2020-03-16 |l 1 |o 894.812 301 MAD-E |p DCB3843 |r 2020-11-17 |s 2020-10-14 |w 2020-03-16 |y BK | ||